000 00550nam a2200229 a 4500
001 nice12345678
003 IN_TiNIC
005 20260116011859.0
008 050524s1937 beia grp 000 0 ara
020 _a
_c100
082 0 0 _a244
_bLEV4
100 _aLevonian, Lootfi
245 _aMaa Hi Ghayat-Ul-Hayat
260 _aBeirut
_bAmerican Press
_c1937
300 _a34p
500 _aincludes index and biblioraphy
650 _aChristianity-Miscellany
700 1 _aLevonian, Lootfi
902 _bSRS
942 _cBK
999 _c4681
_d4681